Письмо Каханова М. С. к Лорис-Меликову М. Т., с приложением материалов об изменении некоторых постановлений "Положения 27 июня 1...

RUSMARC
00006043nac2a22003853x 450
0017eecadd1-3b54-4c66-a35d-1c083cf5c659
00520240819173018.0
100##$a20240716l1880 k y0rusy50 ca
1010#$arus
102##$aRU
105##$ay z |||||
1220#$ad18800727
1220#$ad18740627
2001#$aПисьмо Каханова М. С. к Лорис-Меликову М. Т., с приложением материалов об изменении некоторых постановлений "Положения 27 июня 1874 г." по земским делам
$j27.07.1880
215##$a30 листов
$d37,5 х 25
251##$cДело
300##$aЗаголовок дела на папке: Письмо Каханова, М. С. к Лорис-Меликову, М. Т. с приложением материалов об изменении некоторых постановлений "Положения 27 июня 1874 г." по земским делам
300##$aЛисты: 30 листов, в том числе: ненумерованные чистые листы после листа 6 (1); 3-30 - печатный текст; I - обложка с заголовком и шифром; II - карточка выдачи; 1, 5, 6, 16 - повреждены (надорваны)
300##$aРукописный и типографский текст
325##$aЗамикрофильмировано
330##$aВходит в раздел описи: Материалы, относящиеся к деятельности Лорис-Меликова М. Т. в Верховной Распорядительной Комиссии
461#0$1001cda3d175-ae4a-411a-8dea-9cc20fb178f6
$12001
$aЛорис-Меликов Михаил Тариелович, граф, министр внутренних дел, главный начальник "верховной распорядительной комиссии по охранению государственного порядка и общественного спокойствия", генерал от кавалерии
$1251
$cФонд
$1852
$j569
462#0$1001163e060a-d7cc-404d-90ee-e28c9801971b
$12001
$aОпись дел фонда М. Т. Лорис-Меликова за 1858-1915 гг.
$vД. 63
$1251
$cОпись
$1852
$j1
5171#$aПисьмо Каханова, М. С. к Лорис-Меликову, М. Т. с приложением материалов об изменении некоторых постановлений "Положения 27 июня 1874 г." по земским делам
600#1$aЛорис-Меликов
$bМ. Т.
$gМихаил Тариелович
600#1$aКаханов
$bМ. С.
605##$3DITM\AF\0000002775
$aВласть
$lколлекция
$2acquisition_prlib
6101#$aПисьма
$aПостановления
$aПоложение по земским делам
$a27 июня 1874 г.
686##$a63.3(2)535-332ю1
$cИстория
$2rubbk
686##$a67.400.6ю1
$cПраво
$2rubbk
700#1$aКаханов
$bМ. С.
702#1$aЛорис-Меликов
$bМ. Т.
$gМихаил Тариелович
$4660
801#0$aRU
$bGA_RF
801#1$aRU
$bГлавНИВЦ
$c20240716
$2rusmarc
801#2$aRU
$bПБ им. Б.Н. Ельцина
$c20240819
$gRCR
$2rusmarc
852##$aГА РФ
$j63
937##$d193620902
$hГАРФ
035##$aRuPRLIB51076415
856##$uhttp://readingroom.main.prlib.ru/item.aspx?id_node=n193620902&mode=full
Формат отображения